Ssaki - nagła śmierć - Statystyki

Ogólne statystyki
  • Ten quiz został rozwiązany 10 627 razy
    10 451 od ostatniego zresetowania
  • Średni wynik to 8 z 16
Answers on the Grid
Answers color-coded by a green-red scale on the quiz's grid according to % correct below.
Alpaka
Anakonda zielona
Ara ararauna
Czapla nadobna
Diabeł tasmański
Dziobak
Emu
Maskonur
Galago senegalski
Granik wielki
Guziec
Homar amerykański
Impala zwyczajna
Karakal
Kaszalot spermacetowy
Kiwi
Koala
Lipień pospolity
Manat
Mrównik
Narwal
Orangutan
Pawie oczko
Przegrzebek zwyczajny
Szablodziób
Rekin wielorybi
Rosomak tundrowy
Śledź
Szynszyla mała
Tapir amerykański
Tilapia mozambijska
Tukan górski
 
Statystyki odpowiedzi
Odpowiedź % Poprawnych
Koala
72%
Alpaka
71%
Orangutan
68%
Guziec
65%
Diabeł tasmański
60%
Szynszyla mała
59%
Dziobak
58%
Tapir amerykański
54%
Rosomak tundrowy
53%
Mrównik
44%
Manat
40%
Kaszalot spermacetowy
38%
Impala zwyczajna
35%
Karakal
34%
Narwal
31%
Galago senegalski
23%
Nie znaleziono quizów pasujących do podanych kryteriów
Rozkład punktacji
Procent ludzi z każdym wynikiem
Percentyl według liczby udzielonych odpowiedzi
Twoja historia wyników
Nie rozwiązałeś tego quizu od ostatniego zresetowania